Loading...
| Mythology | 0 | 5 | 3 | 0 | 35 | 63 | 90.40 | 0 | 5 | 15.96 | 30.45 |
| Science - Biology | 0 | 1 | 0 | 1 | 10 | 118 | 118.00 | 0 | 0 | 0.00 | 1.82 |
| History - Other | 0 | 1 | 0 | 1 | 10 | 141 | 141.00 | 0 | 0 | 0.00 | 2.27 |
| History - World | 0 | 1 | 0 | 0 | 10 | 85 | 85.00 | 0 | 1 | 3.19 | 7.27 |
| Current Events | 0 | 1 | 0 | 0 | 10 | 67 | 67.00 | 0 | 1 | 11.04 | 10.00 |
| Other Academic | 0 | 1 | 0 | 0 | 10 | 108 | 108.00 | 0 | 1 | 9.80 | 20.00 |
| Pop Culture | 0 | 1 | 0 | 0 | 10 | 24 | 24.00 | 0 | 1 | 41.43 | 40.00 |
| History - American | 0 | 1 | 0 | 0 | 10 | 72 | 72.00 | 1 | 1 | 4.17 | 9.09 |
| Social Science | 0 | 1 | 1 | 1 | 5 | 126 | 126.00 | 0 | 1 | -0.15 | 1.82 |
| Philosophy | 0 | 1 | 1 | 0 | 5 | 57 | 57.00 | 1 | 1 | 5.31 | 9.09 |
| Science - Other | 0 | 0 | 0 | 0 | 0 | 0.00 | 0 | 0 | 0.00 | 0.00 | |
| Religion | 0 | 0 | 1 | 0 | -5 | 0.00 | 0 | 0 | 0.00 | 0.00 | |
| Science - Physics | 0 | 0 | 1 | 0 | -5 | 0.00 | 0 | 0 | 0.00 | 0.00 | |
| Literature - European | 0 | 0 | 1 | 0 | -5 | 0.00 | 0 | 0 | 0.00 | 0.00 |